01044nam a22001817a 4500008004100000020001800041050002100059100003500080245008400115250001800199260003200217300003500249500004400284504007500328505039500403650003600798650002800834190610b2016 mx |||| |||| 00| 0 spa d a9786073238212 aPC145bC43 2016  aChávez Pérez, Fideleautor aRedacción avanzadab: un enfoque lingüístico c/ Fidel, Chávez Pérez  a5a. edición aMéxicob: Pearsonc, 2016 axvi, 342 páginas b: tablas  aIncluye: Introducción (pp. xv - xvi)  aBibliografía (pp. 337 - 339) Referencias de textos (pp. 341 - 342) aI. Desarrollo de la observación II. Descripción y modificación de una estructura lingüístico- discursiva III. El proceso de la comunicación IV. Acercamiento a un proceso descriptivo V. Modelo del escarabajo: análisis y punto de vista en la selección de un tema VI. Redacción de informes VII. Formas de especializadas de redacción VIII. El texto literario  0aESPAÑOLvRETÓRICAxMANUALES 0aREDACCIÓN DE INFORMES